| 000 | 00498nam a22001937a 4500 | ||
|---|---|---|---|
| 005 | 20180713145322.0 | ||
| 010 | _aENG-123514 | ||
| 020 |
_a9789387164239 _c250.00 |
||
| 035 | _aEN-107046 | ||
| 037 | _bDBAD/PUB | ||
| 082 | _aN | ||
| 100 | _aBarrie, J.M. | ||
| 245 |
_aPeter pan / _cby J.M. Barrie |
||
| 260 |
_aNew Delhi _bTalking Cub _c2017 |
||
| 270 |
_a4381/4 Ansari Road, Daryaganj, _bNew Delhi _e110002 |
||
| 300 |
_ax, 204p. _c19(pbk) |
||
| 650 | _aFiction | ||
| 942 |
_2ddc _cEN _hN _mBAR |
||
| 999 |
_c153968 _d153968 |
||